使您成为杰出的推销员 (Record no. 34306)

000 -LEADER
fixed length control field 00453nam a22001817a 4500
003 - CONTROL NUMBER IDENTIFIER
control field MPLRDC
005 - DATE AND TIME OF LATEST TRANSACTION
control field 20220104142847.0
008 - FIXED-LENGTH DATA ELEMENTS--GENERAL INFORMATION
fixed length control field 210129b ||||| |||| 00| 0 eng d
082 ## - DEWEY DECIMAL CLASSIFICATION NUMBER
Classification number 496.5 ZQG
100 ## - MAIN ENTRY--PERSONAL NAME
Personal name 曾清贵编译
245 ## - TITLE STATEMENT
Title 使您成为杰出的推销员
Statement of responsibility, etc.
250 ## - EDITION STATEMENT
Edition statement 初版
260 ## - PUBLICATION, DISTRIBUTION, ETC.
Place of publication, distribution, etc.
Name of publisher, distributor, etc. 益群书店
Date of publication, distribution, etc. 1984
300 ## - PHYSICAL DESCRIPTION
Other physical details
490 ## - SERIES STATEMENT
Series statement 出类拔萃必读. 1
650 ## - SUBJECT ADDED ENTRY--TOPICAL TERM
Topical term or geographic name entry element 推销策略; 贩卖术
942 ## - ADDED ENTRY ELEMENTS (KOHA)
Koha item type Book
-- 496.5 ZQG
Holdings
Withdrawn status Lost status Source of classification or shelving scheme Damaged status Not for loan Collection code Home library Current library Shelving location Date acquired Cost, normal purchase price Total Checkouts Total Renewals Full call number Barcode Date last seen Date last checked out Price effective from Koha item type Public note
            Malaysian Public Library, Research and Development Centre Malaysian Public Library, Research and Development Centre   10/12/2007 9.00   1 496.5 ZQG 00034410 18/03/2021 02/03/2014 18/03/2021 Book mplrdc

© 2022. Malaysian Public Library, Research and Development Centre. All Right ReservedE-mailmplrdc@help.edu.my 

Powered by Koha